000 01083nam0a22002651 4500
001 RU\NLR\INFOCOMM_233\5000094427
005 20250613105906.0
035 _a(NLR Aleph) 009539361
090 _a8936312
_c8936312
100 _a20110405d1971 |||y0rusy50 ca
101 0 _aeng
102 _aRU
105 _ay ||||000|y
200 1 _aCharacteristics of the dust in mine air and the main methods and means of dust control in the Soviet coal industry
_fG. S. Grodel
_gUSSR Min. of public health. Central inst. for advanced med. training. ILO Inter-regional travelling seminar on air pollution in the working environment
210 _aМ.
_d1971
215 _a[2], 20 с.
_d20 см
686 _aˆ[‰Р124.506.1]
_2rubbk
700 1 _9z01790
_aGrodel'
_bG. S.
_gGeorgij Semenovič
_4070
712 0 2 _aInternational labour organization
_bInterregional travelling seminar on air pollution in the working environment
_f1971
_4570
790 1 _9z01700
_aGrodel
_bG. S.
_4070
801 1 _aRU
_bNLR
_c20110405
801 0 _aRU
_bNLR
_gPSBO
852 _aNLR
_jМд97 Д-4/617
942 _cBOOK
980 _aNB